Zgadnij miasto po dworcu 2 (Polska) - Statystyki

Ogólne statystyki
  • Ten quiz został rozwiązany 50 razy
  • Średni wynik to 4 z 16
Statystyki odpowiedzi
Obrazkowy Odpowiedź % Poprawnych
Poznań
86%
Gorzów Wielkopolski
34%
Bytom
29%
Opole
29%
Przemyśl
29%
Szczecin
29%
Sopot
26%
Malbork
17%
Radom
17%
Skierniewice
17%
Chełm
11%
Zamość
11%
Ruda Śląska
9%
Gniezno
6%
Kuźnia Raciborska
6%
Toruń
3%
Nie znaleziono quizów pasujących do podanych kryteriów
Rozkład punktacji
Procent ludzi z każdym wynikiem
Percentyl według liczby udzielonych odpowiedzi
Twoja historia wyników
Nie rozwiązałeś tego quizu